Aladradas y güellas (Record no. 180260)
[ view plain ]
| 000 -LEADER | |
|---|---|
| campo de control de longitud fija | 01011nam a2200265 i 4500 |
| 001 - NÚMERO DE CONTROL | |
| campo de control | 180260 |
| 003 - IDENTIFICADOR DE NÚMERO DE CONTROL | |
| campo de control | ES-MaACL |
| 005 - FECHA Y HORA DE LA ÚLTIMA TRANSACCIÓN | |
| campo de control | 20251014063254.0 |
| 008 - DATOS DE LONGITUD FIJA--INFORMACIÓN GENERAL | |
| campo de control de longitud fija | 120522s1985 sp a |||| | spa d |
| 020 ## - NÚMERO INTERNACIONAL ESTÁNDAR DEL LIBRO | |
| Número Internacional Estándar del Libro | 84-85887-77-8 |
| 080 ## - NÚMERO DE LA CLASIFICACIÓN DECIMAL UNIVERSAL | |
| Número de la Clasificación Decimal Universal | 338(465.22:234:1 Pirineos) |
| 080 ## - NÚMERO DE LA CLASIFICACIÓN DECIMAL UNIVERSAL | |
| Número de la Clasificación Decimal Universal | 308(465.22:234.1 Pirineos) |
| 100 1# - ENTRADA PRINCIPAL--NOMBRE DE PERSONA | |
| Nombre de persona | Comas d'Argemir, Dolors, |
| Fechas asociadas al nombre | 1951- |
| 9 (RLIN) | 150065 |
| 245 10 - MENCIÓN DEL TÍTULO | |
| Título | Aladradas y güellas |
| Resto del título | : trabajo, sociedad y cultura en el Pirineo Aragonés / |
| Mención de responsabilidad, etc. | Dolors Comas d'Argemir, Joan J. Pujadas. |
| 260 ## - PUBLICACIÓN, DISTRIBUCIÓN, ETC. | |
| Lugar de publicación, distribución, etc. | [Barcelona] : |
| Nombre del editor, distribuidor, etc. | Anthropos, |
| Fecha de publicación, distribución, etc. | 1985. |
| 300 ## - DESCRIPCIÓN FÍSICA | |
| Extensión | 83 p. : |
| Otras características físicas | il. ; |
| Dimensiones | 27 cm. |
| 490 1# - MENCIÓN DE SERIE | |
| Mención de serie | Cuadernos de antropología. Áreas culturales ; |
| Designación de volumen o secuencia | 5 |
| 504 ## - NOTA DE BIBLIOGRAFÍA, ETC. | |
| Nota de bibliografía, etc. | Bibliografía. |
| 651 #4 - PUNTO DE ACCESO ADICIONAL DE MATERIA--NOMBRE GEOGRÁFICO | |
| Nombre geográfico | Pirineos aragoneses (España)- |
| Subdivisión general | Situación económica. |
| 9 (RLIN) | 150066 |
| 651 #4 - PUNTO DE ACCESO ADICIONAL DE MATERIA--NOMBRE GEOGRÁFICO | |
| Nombre geográfico | Pirineos aragoneses (España)- |
| Subdivisión general | Situación social. |
| 9 (RLIN) | 150067 |
| 700 1# - ENTRADA AGREGADA--NOMBRE PERSONAL | |
| Nombre de persona | Pujadas, Joan Josep. |
| 9 (RLIN) | 150068 |
| 830 0# - PUNTO DE ACCESO ADICIONAL DE SERIE-TÍTULO UNIFORME | |
| Título uniforme | Cuadernos de antropología |
| Designación de volumen o secuencia | 5 |
| 9 (RLIN) | 224620 |
| 852 ## - LOCALIZACIÓN | |
| Ubicación | ES-MaACL |
| Número de control de estantería | 2313-F-5 |
| Estatus retirado | Estado de pérdida | Estado de daño | No para préstamo | Colección | Biblioteca de origen | Biblioteca actual | Ubicación en estantería | Fecha de adquisición | Fuente de adquisición | Total de préstamos | Signatura topográfica completa | Código de barras | Visto por última vez | Precio de reemplazo | Tipo de ítem Koha |
|---|---|---|---|---|---|---|---|---|---|---|---|---|---|---|---|
| Colección de folletos | Biblioteca del Ateneo de Madrid | Biblioteca del Ateneo de Madrid | Depósito folletos | 22/05/2012 | 2313-F-5 | 1189409 | 23/02/2023 | 23/02/2023 | Folleto |
